[Event "IX. Rhein-Main-Open"]
[Site "Bad Homburg"]
[Date "2006.06.14"]
[Round "1.1"]
[White "Khenkin, Igor"]
[Black "Schimmer, Michael"]
[Result "1-0"]
[WhiteElo "2602"]
[BlackElo "1956"]
[PlyCount "41"]
[EventDate "2006.??.??"]

1. d4 Nf6 2. c4 c5 3. d5 e6 4. Nc3 exd5 5. cxd5 d6 6. e4 g6 7. f4 Bg7 8. Bb5+
Nfd7 9. Nf3 a6 10. Bd3 b5 11. O-O O-O 12. a3 c4 13. Bc2 Nc5 14. Be3 Qc7 15. f5
Nbd7 16. Qe1 Ne5 17. Nxe5 Bxe5 18. f6 Bd7 19. Qh4 Kh8 20. Rf3 a5 21. g4 1-0

[Event "IX. Rhein-Main-Open"]
[Site "Bad Homburg"]
[Date "2006.06.14"]
[Round "1.2"]
[White "Sefeloge, Michael"]
[Black "Milov, Leonid"]
[Result "0-1"]
[WhiteElo "1916"]
[BlackElo "2504"]
[PlyCount "34"]
[EventDate "2006.??.??"]

1. d4 Nf6 2. c4 c5 3. dxc5 e6 4. e3 Bxc5 5. Nc3 O-O 6. Nf3 Nc6 7. Bd3 d5 8.
cxd5 exd5 9. a3 Bg4 10. Be2 Re8 11. O-O a6 12. b4 Ba7 13. Bb2 Qd6 14. Rc1 Rad8
15. Na4 Ne4 16. Qc2 Qh6 17. Rfe1 Nxf2 0-1

[Event "IX. Rhein-Main-Open"]
[Site "Bad Homburg"]
[Date "2006.06.14"]
[Round "1.3"]
[White "Donchenko, Anatoli"]
[Black "Schneider, Udo"]
[Result "1-0"]
[WhiteElo "2434"]
[BlackElo "1915"]
[PlyCount "51"]
[EventDate "2006.??.??"]

1. Nf3 Nf6 2. c4 c5 3. g3 Nc6 4. d4 cxd4 5. Nxd4 g6 6. Bg2 Bg7 7. Nc3 O-O 8.
O-O Nxd4 9. Qxd4 Qa5 10. Qd3 d6 11. Bd2 Qh5 12. f3 Bh3 13. Rac1 Rac8 14. b3 a6
15. e4 Bxg2 16. Kxg2 Bh6 17. f4 e6 18. a4 Qc5 19. Rfd1 Ng4 20. Qf3 f5 21. exf5
exf5 22. Nd5 Rce8 23. Bb4 Qc6 24. Re1 Bg7 25. Ne7+ Rxe7 26. Rxe7 1-0

[Event "IX. Rhein-Main-Open"]
[Site "Bad Homburg"]
[Date "2006.06.14"]
[Round "1.4"]
[White "Ullrich, Helmut"]
[Black "Drabke, Lorenz Maximilian"]
[Result "0-1"]
[WhiteElo "1908"]
[BlackElo "2393"]
[PlyCount "47"]
[EventDate "2006.??.??"]

1. e4 c5 2. Nf3 e6 3. d4 cxd4 4. Nxd4 Nf6 5. f3 d5 6. e5 Nfd7 7. f4 Nc6 8. c3
Qb6 9. Nb3 g5 10. g3 gxf4 11. gxf4 Be7 12. h4 a5 13. Qf3 a4 14. Nd4 Nxd4 15.
cxd4 Qxd4 16. Nc3 a3 17. b3 Bb4 18. Bd2 Nc5 19. Rd1 Bd7 20. Nb5 Bxb5 21. Bxb5+
Ke7 22. Be2 Ne4 23. Bxb4+ Qxb4+ 24. Kf1 0-1

[Event "IX. Rhein-Main-Open"]
[Site "Bad Homburg"]
[Date "2006.06.14"]
[Round "1.5"]
[White "Klundt, Klaus"]
[Black "Grünter, Martin"]
[Result "1-0"]
[WhiteElo "2392"]
[BlackElo "1897"]
[PlyCount "73"]
[EventDate "2006.??.??"]

1. e4 c5 2. Nf3 d6 3. d4 cxd4 4. Qxd4 Nc6 5. Bb5 Bd7 6. Bxc6 Bxc6 7. Nc3 Nf6 8.
Bg5 e6 9. O-O-O Be7 10. Rhe1 h6 11. Bh4 Qa5 12. Kb1 Rd8 13. Qd2 d5 14. e5 Nd7
15. Bxe7 Kxe7 16. Nd4 Nb6 17. Nb3 Qb4 18. f4 Ke8 19. f5 Nc4 20. Qd4 Qb6 21. Qg4
Ne3 22. Qxg7 Rf8 23. Nd4 Nxd1 24. Rxd1 Bd7 25. Qxh6 Rc8 26. Qe3 Qc5 27. g4 b5
28. h4 b4 29. Nce2 exf5 30. Nf4 fxg4 31. Nh5 Qe7 32. Nf6+ Kd8 33. Nxd5 Qxh4 34.
Nf6 Rc7 35. Qe4 Qh2 36. Qa8+ Ke7 37. Nd5# 1-0

[Event "IX. Rhein-Main-Open"]
[Site "Bad Homburg"]
[Date "2006.06.14"]
[Round "1.6"]
[White "Kretner, Georg-Ulrich"]
[Black "Bakhmatov, Eduard"]
[Result "0-1"]
[WhiteElo "1852"]
[BlackElo "2341"]
[PlyCount "42"]
[EventDate "2006.??.??"]

1. d4 Nf6 2. Nf3 g6 3. c4 Bg7 4. g3 O-O 5. Bg2 d6 6. O-O Nbd7 7. Nc3 e5 8. h3
Re8 9. e4 exd4 10. Nxd4 Nc5 11. Re1 a5 12. b3 Nfd7 13. Be3 c6 14. Qc2 a4 15. b4
Ne6 16. Nf3 a3 17. Rad1 Qc7 18. Re2 Ne5 19. Qb3 Qe7 20. Red2 Nxf3+ 21. Bxf3 Qf6
0-1

[Event "IX. Rhein-Main-Open"]
[Site "Bad Homburg"]
[Date "2006.06.14"]
[Round "1.7"]
[White "Malek, Daniel"]
[Black "Nahler, Michael"]
[Result "1-0"]
[WhiteElo "2322"]
[BlackElo "1842"]
[PlyCount "80"]
[EventDate "2006.??.??"]

1. c4 e5 2. Nc3 Nf6 3. Nf3 Nc6 4. g3 Bb4 5. Bg2 O-O 6. O-O e4 7. Ng5 Bxc3 8.
bxc3 Re8 9. f3 exf3 10. Nxf3 Qe7 11. e3 Ne5 12. Nxe5 Qxe5 13. Qf3 d6 14. Rb1 c6
15. Ba3 Rb8 16. Qf4 c5 17. Qxe5 Rxe5 18. Rbe1 b6 19. e4 Ba6 20. d3 Rbe8 21. Bc1
d5 22. Bf4 R5e7 23. cxd5 Nxd5 24. Bd6 Re6 25. Bh3 Rxd6 26. exd5 Rxe1 27. Rxe1
Kf8 28. c4 b5 29. Bf1 Bb7 30. Kf2 b4 31. Ke3 Ra6 32. Re2 Ke7 33. d4 Ra3+ 34.
Ke4 Kd6 35. dxc5+ Kxc5 36. Rd2 Rc3 37. Rf2 a5 38. Rxf7 b3 39. axb3 Rxb3 40.
Rc7+ Kb6 1-0

[Event "IX. Rhein-Main-Open"]
[Site "Bad Homburg"]
[Date "2006.06.14"]
[Round "1.8"]
[White "Bender, Manfred"]
[Black "Isserman, Ryhor"]
[Result "0-1"]
[WhiteElo "1816"]
[BlackElo "2309"]
[PlyCount "116"]
[EventDate "2006.??.??"]

1. d4 Nf6 2. c4 c5 3. e3 g6 4. Nc3 Bg7 5. Nf3 O-O 6. Be2 b6 7. O-O d6 8. d5 a6
9. Qc2 Nbd7 10. e4 Rb8 11. Bf4 b5 12. Nd2 Ne8 13. Rae1 Ne5 14. Bxe5 Bxe5 15. f4
Bd4+ 16. Kh1 b4 17. Nd1 e6 18. Nb3 Bg7 19. Bd3 exd5 20. cxd5 Nf6 21. Bc4 a5 22.
Nc1 Re8 23. Nf2 Nh5 24. g3 f5 25. e5 dxe5 26. Ncd3 Bb7 27. fxe5 Bxd5+ 28. Kg1
Kh8 29. Bxd5 Qxd5 30. Qxc5 Qxc5 31. Nxc5 Rxe5 32. Nd7 Rxe1 33. Rxe1 Rd8 34. b3
Bd4 35. Re7 Nf6 36. Nxf6 Bxf6 37. Re2 Kg7 38. Kg2 Kf7 39. h3 Bc3 40. Kf3 Kf6
41. g4 h5 42. Kf4 Rd4+ 43. Kf3 Rd5 44. Kf4 Rd2 45. Rxd2 Bxd2+ 46. Kf3 Ke5 47.
Nd3+ Kd4 48. Nb2 fxg4+ 49. hxg4 Bc1 50. Na4 h4 51. Nb6 g5 52. Na4 Bf4 53. Nb2
h3 54. Na4 Bc7 55. Kf2 Kd3 56. Nc5+ Kc2 57. Ne6 Bb6+ 58. Kg3 Be3 0-1

[Event "IX. Rhein-Main-Open"]
[Site "Bad Homburg"]
[Date "2006.06.14"]
[Round "1.9"]
[White "Lisanti, Andre"]
[Black "Winterberg, Lukas"]
[Result "1-0"]
[WhiteElo "2295"]
[BlackElo "1799"]
[PlyCount "53"]
[EventDate "2006.??.??"]

1. e4 e6 2. d4 d5 3. Nc3 Bb4 4. e5 c5 5. a3 Bxc3+ 6. bxc3 Ne7 7. Nf3 Qc7 8. h4
Nbc6 9. Bd3 cxd4 10. cxd4 Bd7 11. O-O Na5 12. h5 h6 13. Bf4 Nc4 14. Qe2 Rc8 15.
Rfb1 b5 16. Nd2 Nxd2 17. Bxd2 a6 18. Qg4 Kf8 19. Bb4 Bc6 20. a4 bxa4 21. Bxa6
Ra8 22. Bd6 Qd7 23. Rb6 Rg8 24. Rab1 Re8 25. Bb7 Bxb7 26. Rxb7 Qc8 27. Bxe7+
1-0

[Event "IX. Rhein-Main-Open"]
[Site "Bad Homburg"]
[Date "2006.06.14"]
[Round "1.10"]
[White "Wanie, Karsten"]
[Black "Feldtmann, Thomas"]
[Result "0-1"]
[WhiteElo "2056"]
[BlackElo "2283"]
[PlyCount "86"]
[EventDate "2006.??.??"]

1. d4 f5 2. g3 Nf6 3. Bg2 g6 4. Nf3 Bg7 5. c4 O-O 6. Nc3 d6 7. O-O Qe8 8. d5 a5
9. Nd4 Na6 10. Rb1 Bd7 11. b3 Rc8 12. Bb2 c6 13. e4 fxe4 14. Nxe4 Nxe4 15. Bxe4
Nc7 16. f4 cxd5 17. cxd5 Qf7 18. f5 Nb5 19. Nxb5 Bxb5 20. Rf3 Bxb2 21. Rxb2 Qg7
22. Rbf2 Qe5 23. Bb1 Kg7 24. Qd2 Rc7 25. Re3 Qa1 26. Re1 Rfc8 27. fxg6 hxg6 28.
Kg2 Kg8 29. Bd3 Rc1 30. Rxc1 Rxc1 31. Bxb5 Rg1+ 32. Kh3 Qh8+ 33. Kg4 Qh5+ 34.
Kf4 Qf5+ 35. Ke3 Qe5+ 36. Kf3 Qf5+ 37. Ke2 Qe4+ 38. Qe3 Re1+ 39. Kxe1 Qxe3+ 40.
Re2 Qc1+ 41. Kf2 Qc5+ 42. Kf3 Qxb5 43. Rxe7 Qf1+ 0-1

[Event "IX. Rhein-Main-Open"]
[Site "Bad Homburg"]
[Date "2006.06.14"]
[Round "1.11"]
[White "Uwira, Oliver"]
[Black "Pietsch, Klaus"]
[Result "1-0"]
[WhiteElo "2256"]
[BlackElo "1956"]
[PlyCount "55"]
[EventDate "2006.??.??"]

1. d4 d5 2. c4 e6 3. Nc3 c6 4. Nf3 dxc4 5. a4 Bb4 6. e3 b5 7. Bd2 a5 8. axb5
Bxc3 9. Bxc3 cxb5 10. b3 Bb7 11. bxc4 b4 12. Bb2 Nf6 13. Bd3 Nbd7 14. O-O O-O
15. Re1 Ne4 16. Qc2 f5 17. Nd2 Nxd2 18. Qxd2 Nf6 19. f3 Qc7 20. Qc2 Ra7 21. Rf1
Bc6 22. e4 fxe4 23. fxe4 Ng4 24. Rxf8+ Kxf8 25. e5 g6 26. Qd2 Kg7 27. Qg5 Nh6
28. d5 1-0

[Event "IX. Rhein-Main-Open"]
[Site "Bad Homburg"]
[Date "2006.06.14"]
[Round "1.12"]
[White "Schreiner, Roland"]
[Black "Brustkern, Jürgen"]
[Result "0-1"]
[WhiteElo "1954"]
[BlackElo "2242"]
[PlyCount "102"]
[EventDate "2006.??.??"]

1. d4 Nf6 2. c4 g6 3. Nc3 Bg7 4. e4 O-O 5. Nf3 d6 6. Be2 Na6 7. O-O Qe8 8. Be3
e5 9. Nd2 Ng4 10. Bxg4 exd4 11. Bxc8 Rxc8 12. Bxd4 Bxd4 13. Nb5 Bxb2 14. Rb1
Bg7 15. Nxa7 Rb8 16. Nb5 Qe7 17. Qc2 Nc5 18. f3 c6 19. Nc3 Be5 20. Ne2 Rbe8 21.
Rfe1 f5 22. Kh1 Qh4 23. g3 Qh5 24. exf5 gxf5 25. f4 Bg7 26. Ng1 Qf7 27. Ngf3
Ra8 28. Ng5 Qd7 29. Nb3 Rfe8 30. Nxc5 dxc5 31. Rbd1 Bd4 32. Nf3 Rxe1+ 33. Rxe1
b5 34. Re2 Ra4 35. cxb5 Qd5 36. Re8+ Kg7 37. Qe2 Bf6 38. Re7+ Kg6 39. Re6 Rxa2
40. Rxf6+ Kxf6 41. Qe5+ Qxe5 42. fxe5+ Ke7 43. bxc6 Ra6 44. Kg2 Rxc6 45. Kf2
Ke6 46. Ke3 Ra6 47. Kf4 h6 48. Ke3 Kd5 49. Kf4 Ke6 50. Ke3 Ra3+ 51. Kf4 Rd3 0-1

[Event "IX. Rhein-Main-Open"]
[Site "Bad Homburg"]
[Date "2006.06.14"]
[Round "1.15"]
[White "Weise, Martin"]
[Black "Kolker, Vladislav"]
[Result "1-0"]
[WhiteElo "2175"]
[BlackElo "1860"]
[PlyCount "85"]
[EventDate "2006.??.??"]

1. d4 Nf6 2. Bg5 Ne4 3. Bf4 f5 4. f3 Nf6 5. e4 d6 6. Nc3 c6 7. Bd3 g6 8. exf5
Bxf5 9. Bxf5 gxf5 10. Qd3 Qd7 11. Nh3 Na6 12. O-O Nc7 13. Rfe1 Bg7 14. Re2 h6
15. Rae1 e6 16. Qxf5 O-O-O 17. Qd3 Rdf8 18. Bd2 Rhg8 19. Nf4 Re8 20. Kh1 Qf7
21. a4 Nd7 22. Ne4 Bf8 23. Qa3 c5 24. dxc5 dxc5 25. Ng3 Bd6 26. Qe3 Qf6 27. Ne4
Qf8 28. Nxd6+ Qxd6 29. Bc3 e5 30. Nd3 Nd5 31. Qd2 Nxc3 32. Qxc3 Qg6 33. Nxc5
Nxc5 34. Qxc5+ Kb8 35. Qf2 Qf5 36. Re4 Re6 37. Qe2 Rd8 38. f4 Red6 39. fxe5 Rd2
40. Qf3 Qxf3 41. gxf3 Rxc2 42. R1e2 Rd1+ 43. Kg2 1-0

[Event "IX. Rhein-Main-Open"]
[Site "Bad Homburg"]
[Date "2006.06.14"]
[Round "1.16"]
[White "Reyher, Werner"]
[Black "Kayser, Felix"]
[Result "0-1"]
[WhiteElo "1834"]
[BlackElo "2164"]
[PlyCount "70"]
[EventDate "2006.??.??"]

1. d4 Nf6 2. c4 e5 3. dxe5 Ng4 4. Bf4 Nc6 5. Nf3 Bb4+ 6. Nbd2 Qe7 7. a3 Ngxe5
8. Nxe5 Nxe5 9. e3 Bxd2+ 10. Qxd2 d6 11. Be2 O-O 12. O-O b6 13. e4 Bb7 14. f3
a5 15. b4 Ra7 16. Qc3 Qf6 17. Bxe5 dxe5 18. c5 Rfa8 19. b5 Re8 20. Rad1 Qe7 21.
Rd2 Raa8 22. Rfd1 Bc8 23. cxb6 cxb6 24. Rd6 Rb8 25. Bc4 h6 26. Bd5 Kh7 27. Bc6
Rf8 28. R6d5 f6 29. Bd7 Bxd7 30. Rxd7 Qe6 31. R1d6 Qa2 32. Qc7 Rg8 33. Rxf6
Rbc8 34. Rxh6+ Kxh6 35. Qd6+ Kh7 0-1

[Event "IX. Rhein-Main-Open"]
[Site "Bad Homburg"]
[Date "2006.06.14"]
[Round "1.17"]
[White "Neb, Roland"]
[Black "Krüger, Till"]
[Result "1/2-1/2"]
[WhiteElo "2156"]
[BlackElo "1827"]
[PlyCount "99"]
[EventDate "2006.??.??"]

1. e4 d6 2. f4 g6 3. d4 Bg7 4. Nf3 c5 5. c3 Nf6 6. Bd3 O-O 7. O-O cxd4 8. cxd4
Nc6 9. Nc3 Bg4 10. Be3 e5 11. fxe5 dxe5 12. d5 Nd4 13. Qd2 Nxf3+ 14. gxf3 Bh3
15. Rf2 Nh5 16. Bc5 Qh4 17. Bf1 Nf4 18. Ne2 Rfc8 19. Be3 g5 20. Kh1 Rd8 21.
Bxh3 Qxh3 22. Rg1 h6 23. Ng3 Qd7 24. Nf5 Nh3 25. Rfg2 Nxg1 26. Kxg1 f6 27. h4
Rf8 28. Rh2 Rf7 29. Qg2 Rc8 30. Qg4 Rc7 31. Qh5 Qa4 32. Rg2 Qd1+ 33. Kh2 Rc2
34. Qg6 Rxg2+ 35. Kxg2 Qe2+ 36. Bf2 Kf8 37. d6 gxh4 38. Nxh4 Qd2 39. Nf5 b6 40.
Qh7 Qg5+ 41. Bg3 Rd7 42. Kf1 Qh5 43. Kf2 Qg5 44. Bh4 Qd2+ 45. Kf1 Qd1+ 46. Kg2
Qd2+ 47. Bf2 Qg5+ 48. Kf1 Qc1+ 49. Be1 Qc4+ 50. Kf2 1/2-1/2

[Event "IX. Rhein-Main-Open"]
[Site "Bad Homburg"]
[Date "2006.06.14"]
[Round "1.18"]
[White "Sittinger, Lutz"]
[Black "Dorst, Johannes"]
[Result "0-1"]
[WhiteElo "1786"]
[BlackElo "2127"]
[PlyCount "78"]
[EventDate "2006.??.??"]

1. d4 Nf6 2. c4 c5 3. d5 b5 4. cxb5 a6 5. bxa6 g6 6. e3 d6 7. Nc3 Bg7 8. Bb5+
Nfd7 9. Nf3 O-O 10. O-O Bxa6 11. Bxa6 Nxa6 12. Bd2 Nb4 13. a3 Nd3 14. Qc2 N3e5
15. Nxe5 Nxe5 16. Ne2 Qb6 17. Bc3 Rfb8 18. Rfb1 Qb5 19. e4 Qd3 20. Qxd3 Nxd3
21. Bxg7 Kxg7 22. b3 f5 23. f3 Kf6 24. Nc3 Ke5 25. Rd1 Nb2 26. Rdb1 Rxb3 27.
Nd1 Rab8 28. Nxb2 Rxb2 29. Rxb2 Rxb2 30. Re1 fxe4 31. Rxe4+ Kxd5 32. Rxe7 c4
33. Kf1 c3 34. Rc7 Kd4 35. a4 Kd3 36. Rd7 Rb1+ 37. Kf2 c2 38. Rxd6+ Kc3 39.
Rc6+ Kb3 0-1

[Event "IX. Rhein-Main-Open"]
[Site "Bad Homburg"]
[Date "2006.06.14"]
[Round "1.19"]
[White "Gramlich, Sebastian"]
[Black "Grass, Ernest"]
[Result "1-0"]
[WhiteElo "2122"]
[BlackElo "1772"]
[PlyCount "61"]
[EventDate "2006.??.??"]

1. d4 Nf6 2. Bg5 e6 3. e4 Be7 4. Nc3 O-O 5. Qd2 d5 6. e5 Nfd7 7. Bxe7 Qxe7 8.
f4 c5 9. Nf3 Nc6 10. O-O-O a6 11. h4 b5 12. dxc5 Qxc5 13. Bd3 f5 14. g4 Nb4 15.
gxf5 Nxd3+ 16. Qxd3 Rxf5 17. Nd4 Rf7 18. Nxe6 Qc4 19. Qxd5 Qxd5 20. Nxd5 Rb8
21. Ng5 Rf8 22. Ne7+ Kh8 23. Nxc8 Rbxc8 24. Rxd7 Rxf4 25. Rhd1 Rff8 26. Ne6 Rg8
27. Rd8 h6 28. Rxc8 Rxc8 29. Rd8+ Rxd8 30. Nxd8 Kg8 31. Kd2 1-0

[Event "IX. Rhein-Main-Open"]
[Site "Bad Homburg"]
[Date "2006.06.14"]
[Round "1.20"]
[White "Schell, Walter"]
[Black "Freund, Klaus"]
[Result "1-0"]
[WhiteElo "2112"]
[BlackElo "1721"]
[PlyCount "89"]
[EventDate "2006.??.??"]

1. d4 d5 2. c4 e6 3. Nf3 Nf6 4. g3 Be7 5. Bg2 O-O 6. O-O Nbd7 7. Qc2 dxc4 8.
Qxc4 Nb6 9. Qc2 Bd7 10. Ne5 c6 11. Rd1 Rc8 12. Nc3 Nfd5 13. e4 Nxc3 14. bxc3 f6
15. Nxd7 Qxd7 16. Qb3 Kh8 17. c4 Na8 18. Be3 Qc7 19. Bh3 f5 20. Qd3 g6 21. Bg2
Bf6 22. Bf4 Qd7 23. e5 Be7 24. h4 Nc7 25. a4 Rfd8 26. Qe3 a5 27. Qb3 Bb4 28.
Bg5 Rf8 29. Bh6 Rfd8 30. Bg5 Rf8 31. Ra2 Na6 32. Re2 Qf7 33. Qb2 Rc7 34. d5 Rd7
35. Qc2 Rc8 36. d6 c5 37. Qc1 Nb8 38. Rd3 Nc6 39. Bxc6 Rxc6 40. Rf3 Kg8 41. g4
Qe8 42. Rg3 Rf7 43. Bf6 Qf8 44. gxf5 exf5 45. e6 1-0

[Event "IX. Rhein-Main-Open"]
[Site "Bad Homburg"]
[Date "2006.06.14"]
[Round "1.21"]
[White "Faqiry, Ramat"]
[Black "Willems, Matthias"]
[Result "1/2-1/2"]
[WhiteElo "1705"]
[BlackElo "2112"]
[PlyCount "70"]
[EventDate "2006.??.??"]

1. d4 d6 2. Nf3 f5 3. e3 Nf6 4. c4 g6 5. Nc3 Bg7 6. Bd3 O-O 7. O-O a5 8. a3 c6
9. Re1 d5 10. Ne5 Nbd7 11. f4 e6 12. cxd5 cxd5 13. h3 Ne4 14. Nxe4 fxe4 15. Bf1
Nxe5 16. dxe5 Qb6 17. Kh2 Bd7 18. b3 a4 19. b4 Bb5 20. Bxb5 Qxb5 21. Bb2 Rfc8
22. Qg4 Qd7 23. Rac1 Rxc1 24. Rxc1 Rc8 25. Rxc8+ Qxc8 26. Bd4 Bf8 27. h4 Qe8
28. h5 Qf7 29. hxg6 hxg6 30. Qe2 Qd7 31. g4 Qh7+ 32. Kg3 Be7 33. g5 Qh1 34. Qb5
Qg1+ 35. Kh3 Qh1+ 1/2-1/2

[Event "IX. Rhein-Main-Open"]
[Site "Bad Homburg"]
[Date "2006.06.14"]
[Round "1.22"]
[White "Diehm, Alexander"]
[Black "Smith-Meyer, Geir"]
[Result "1-0"]
[WhiteElo "2111"]
[BlackElo "1669"]
[PlyCount "111"]
[EventDate "2006.??.??"]

1. d4 Nf6 2. c4 c5 3. d5 b5 4. cxb5 a6 5. Nc3 axb5 6. Nxb5 Ne4 7. Nc3 Qa5 8.
Bd2 Nxd2 9. Qxd2 Ba6 10. g3 d6 11. Bh3 g6 12. e4 Bg7 13. Nge2 Bxe2 14. Kxe2 O-O
15. Rhe1 Na6 16. Bd7 Rab8 17. Rab1 c4 18. Na4 Qc7 19. Bh3 Rb4 20. Qc2 Qa5 21.
Nc3 Nc5 22. a3 Rb3 23. Na2 Qa6 24. Nb4 Qb5 25. Red1 Bxb2 26. Nc6 Bf6 27. Kf1
c3+ 28. Kg1 Rb2 29. Rxb2 cxb2 30. Rb1 Ra8 31. e5 Rxa3 32. exf6 exf6 33. Bf1 Qb7
34. Rxb2 Qd7 35. Ra2 Rxa2 36. Qxa2 Kg7 37. Qa7 Qf5 38. Qa2 h5 39. Nd4 Qg4 40.
Nb5 h4 41. Nxd6 hxg3 42. hxg3 Qd7 43. Nb5 Ne4 44. Qc4 Qf5 45. Qd4 Qe5 46. Qxe5
fxe5 47. d6 Kf8 48. Bg2 Nc5 49. Bc6 f5 50. Nc7 Kf7 51. f3 Kf8 52. Kf1 g5 53.
Bd5 f4 54. gxf4 exf4 55. Ne6+ Nxe6 56. Bxe6 1-0

[Event "IX. Rhein-Main-Open"]
[Site "Bad Homburg"]
[Date "2006.06.14"]
[Round "1.23"]
[White "Kempf, Alexander"]
[Black "Adair, Robin"]
[Result "0-1"]
[WhiteElo "1654"]
[BlackElo "2103"]
[PlyCount "46"]
[EventDate "2006.??.??"]

1. e4 c5 2. Nf3 Nc6 3. d4 cxd4 4. Nxd4 Nf6 5. Nc3 e5 6. Nxc6 bxc6 7. Bc4 Bb4 8.
O-O Bxc3 9. bxc3 Nxe4 10. Qh5 O-O 11. Qxe5 d5 12. Bb3 Re8 13. Qd4 Ba6 14. Re1
c5 15. Qe3 Qd7 16. a3 c4 17. Ba2 Ng3 18. Qd2 Rxe1+ 19. Qxe1 Re8 20. Qd1 Ne2+
21. Kh1 Nxc3 22. Qd2 Qe6 23. g3 d4 0-1

[Event "IX. Rhein-Main-Open"]
[Site "Bad Homburg"]
[Date "2006.06.14"]
[Round "1.24"]
[White "Minor, Samuel"]
[Black "Wulfert, Olaf"]
[Result "1-0"]
[WhiteElo "2100"]
[BlackElo "1629"]
[PlyCount "55"]
[EventDate "2006.??.??"]

1. e4 g6 2. d4 Bg7 3. Nc3 d6 4. Be3 Nf6 5. Qd2 O-O 6. f3 b6 7. O-O-O Ba6 8.
Bxa6 Nxa6 9. g4 c5 10. d5 Nc7 11. h4 Nd7 12. h5 Ne8 13. Bh6 Ndf6 14. Nge2 e5
15. Ng3 b5 16. Nce2 a5 17. Bxg7 Nxg7 18. Qh6 b4 19. g5 Nfe8 20. f4 f6 21. hxg6
hxg6 22. f5 Kf7 23. Qxg6+ Ke7 24. Rh7 Kd7 25. Nh5 fxg5 26. Nxg7 Nxg7 27. Qxg7+
Kc8 28. Qb7# 1-0

[Event "IX. Rhein-Main-Open"]
[Site "Bad Homburg"]
[Date "2006.06.14"]
[Round "1.25"]
[White "Henrich, Frederik"]
[Black "Remy, Jochen"]
[Result "1/2-1/2"]
[WhiteElo "1612"]
[BlackElo "2097"]
[PlyCount "95"]
[EventDate "2006.??.??"]

1. e4 g6 2. d4 Bg7 3. Nc3 d6 4. Nf3 Nd7 5. Be3 a6 6. a4 b6 7. Qd2 Bb7 8. Bd3 h6
9. h4 Ngf6 10. d5 c5 11. Qc1 Ng4 12. Bf4 Nde5 13. Nxe5 Nxe5 14. Be2 Qd7 15. Nb5
Kf8 16. Na3 Qd8 17. Nc4 Nxc4 18. Bxc4 Qd7 19. Be2 Kg8 20. c4 Kh7 21. Bd2 e6 22.
Bc3 exd5 23. Bxg7 Kxg7 24. cxd5 Qe7 25. Qc3+ Kh7 26. f3 b5 27. b3 b4 28. Qb2
Rhe8 29. Kf2 Qe5 30. Qxe5 Rxe5 31. g4 Kg7 32. h5 gxh5 33. Rxh5 Rxh5 34. gxh5
Re8 35. Bd3 Re5 36. Rh1 a5 37. f4 Re7 38. Rg1+ Kf8 39. f5 Bc8 40. Kf3 Bd7 41.
Bc2 Be8 42. f6 Re5 43. Rg7 Rxh5 44. Rh7 Kg8 45. Rg7+ Kh8 46. e5 Rxe5 47. Rh7+
Kg8 48. Rg7+ 1/2-1/2

[Event "IX. Rhein-Main-Open"]
[Site "Bad Homburg"]
[Date "2006.06.14"]
[Round "1.26"]
[White "Ellrich, Jochen"]
[Black "Reichert, Rudolf"]
[Result "0-1"]
[WhiteElo "2090"]
[BlackElo "1601"]
[PlyCount "60"]
[EventDate "2006.??.??"]

1. d4 d5 2. e4 Nc6 3. Nc3 dxe4 4. d5 Ne5 5. f3 e6 6. Qd4 Nc6 7. Bb5 exd5 8.
fxe4 Bd7 9. Bxc6 bxc6 10. exd5 c5 11. Qe3+ Be7 12. Nf3 Nf6 13. O-O O-O 14. b3
Bd6 15. Bb2 Re8 16. Qd3 a6 17. Ng5 g6 18. Nxf7 Kxf7 19. Ne4 Bf5 20. Ng5+ Kg8
21. Rxf5 Ng4 22. h3 Re3 23. Qf1 gxf5 24. Qxf5 Qe7 25. Rf1 Re1 26. Ne6 Rxf1+ 27.
Qxf1 Ne5 28. Qf5 Qf7 29. Qg5+ Qg6 30. Qh4 Nf3+ 0-1

[Event "IX. Rhein-Main-Open"]
[Site "Bad Homburg"]
[Date "2006.06.14"]
[Round "1.27"]
[White "Graw, Oliver"]
[Black "Wiege, Andre"]
[Result "0-1"]
[WhiteElo "1594"]
[BlackElo "2083"]
[PlyCount "48"]
[EventDate "2006.??.??"]

1. e4 e5 2. Nf3 d6 3. d4 Nd7 4. dxe5 dxe5 5. Bc4 c6 6. Ng5 Nh6 7. O-O Be7 8.
Ne6 fxe6 9. Bxh6 Bf6 10. Qh5+ Ke7 11. Qg4 Qg8 12. Be3 b5 13. Bb3 g5 14. Nc3 h5
15. Qe2 Bb7 16. Rad1 Qb8 17. Rd2 Qc7 18. Rfd1 Bc8 19. Rd6 Nb6 20. Qd2 Rg8 21.
h4 gxh4 22. Bh6 Rg6 23. Rd8 Nd7 24. Rxd7+ Bxd7 0-1

[Event "IX. Rhein-Main-Open"]
[Site "Bad Homburg"]
[Date "2006.06.14"]
[Round "1.28"]
[White "Zöller, Thomas"]
[Black "Kirschner, Matthias"]
[Result "1/2-1/2"]
[WhiteElo "2082"]
[BlackElo "1567"]
[PlyCount "58"]
[EventDate "2006.??.??"]

1. d4 d6 2. e4 Nf6 3. Nc3 e5 4. dxe5 dxe5 5. Qxd8+ Kxd8 6. Bg5 Bd6 7. O-O-O Be6
8. f4 Ke7 9. f5 Bd7 10. Nd5+ Kf8 11. Nxf6 gxf6 12. Bxf6 Rg8 13. Nf3 Bc6 14. Ng5
h6 15. Nxf7 Kxf7 16. Bc4+ Kxf6 17. Bxg8 Bxe4 18. Bd5 Bxd5 19. Rxd5 Kxf5 20.
Rf1+ Ke6 21. Rd3 Nd7 22. Rg3 Rf8 23. Rg6+ Rf6 24. Rfxf6+ Nxf6 25. Rxh6 Kf5 26.
h3 Kg5 27. Rh8 e4 28. Kd2 Be5 29. c3 Kf5 1/2-1/2

[Event "IX. Rhein-Main-Open"]
[Site "Bad Homburg"]
[Date "2006.06.14"]
[Round "1.29"]
[White "Schutzmann, Henry"]
[Black "Mayer, Frank"]
[Result "0-1"]
[WhiteElo "1550"]
[BlackElo "2078"]
[PlyCount "66"]
[EventDate "2006.??.??"]

1. e4 e6 2. d4 d5 3. Nc3 Bb4 4. exd5 exd5 5. Bd3 Nc6 6. Nge2 Nge7 7. O-O O-O 8.
Bg5 f6 9. Bh4 Bf5 10. Bg3 Qd7 11. Nb5 a6 12. Bxf5 Nxf5 13. Nbc3 Bxc3 14. bxc3
Nce7 15. Re1 Ng6 16. Rb1 b5 17. Qd3 Nd6 18. Bxd6 Qxd6 19. Rb4 Rfe8 20. Reb1 c6
21. Rf1 Re6 22. Ng3 Qf4 23. Rbb1 Rae8 24. a4 Qg4 25. h3 Qg5 26. axb5 axb5 27.
Qf3 Qf4 28. Qxf4 Nxf4 29. Ra1 Ne2+ 30. Nxe2 Rxe2 31. Ra6 R8e6 32. Rb1 Rxc2 33.
Rxb5 Re1+ 0-1

[Event "IX. Rhein-Main-Open"]
[Site "Bad Homburg"]
[Date "2006.06.14"]
[Round "1.30"]
[White "Göbel, Andreas"]
[Black "Plattner, Rolf"]
[Result "1-0"]
[WhiteElo "2073"]
[BlackElo "1528"]
[PlyCount "88"]
[EventDate "2006.??.??"]

1. d4 Nf6 2. Bg5 d5 3. e3 e6 4. Nf3 Bd6 5. Bd3 c6 6. Nbd2 Nbd7 7. c3 Qc7 8. Qe2
O-O 9. e4 Nxe4 10. Nxe4 dxe4 11. Qxe4 g6 12. h4 e5 13. O-O-O b5 14. dxe5 Nxe5
15. Nxe5 Bxe5 16. h5 Bf5 17. Qh4 Bxd3 18. Rxd3 f6 19. Bh6 g5 20. Qg4 Bf4+ 21.
Kc2 f5 22. Qf3 Rf6 23. g3 Rxh6 24. gxf4 g4 25. Qd1 Re8 26. Re1 Rxe1 27. Qxe1
Rf6 28. Qe8+ Rf8 29. Qe6+ Qf7 30. Qxc6 Qxh5 31. Qxb5 Qf7 32. a3 h5 33. Qc6 Qe8
34. Qh6 Qe4 35. Qg6+ Kh8 36. Qh6+ Kg8 37. Qg6+ Kh8 38. Qxh5+ Kg8 39. Qg6+ Kh8
40. Qh5+ Kg8 41. Qg5+ Kh8 42. Kd2 Re8 43. Qf6+ Kg8 44. Re3 Qxf4 1-0

[Event "IX. Rhein-Main-Open"]
[Site "Bad Homburg"]
[Date "2006.06.14"]
[Round "1.31"]
[White "Pfeiffer, Ralf"]
[Black "Ahrends, Norbert"]
[Result "0-1"]
[WhiteElo "1505"]
[BlackElo "2065"]
[PlyCount "84"]
[EventDate "2006.??.??"]

1. b3 e5 2. Bb2 Nc6 3. e4 Nf6 4. Bb5 d6 5. Bxc6+ bxc6 6. d3 Be7 7. Ne2 O-O 8.
O-O Be6 9. f4 Ng4 10. Qd2 f6 11. h3 Nh6 12. Rf3 Nf7 13. Qc3 Bd7 14. Nd2 d5 15.
exd5 cxd5 16. Raf1 a5 17. Bc1 Bb4 18. Qb2 Bb5 19. a3 e4 20. Rg3 exd3 21. cxd3
Bc5+ 22. Kh1 Nd6 23. Qc2 Bb6 24. Bb2 Nf5 25. Rgf3 Ne3 26. Rxe3 Bxe3 27. Nf3 c5
28. d4 Re8 29. dxc5 Rc8 30. Rd1 Rxc5 31. Nc3 Qc8 32. Nd4 Bd7 33. f5 Bxd4 34.
Rxd4 Bxf5 35. Qd2 Be4 36. Nxe4 dxe4 37. Rc4 Rxc4 38. Qd5+ Qe6 39. Qxc4 Qxc4 40.
bxc4 Rc8 41. Bc3 a4 42. Bb4 Rxc4 0-1

[Event "IX. Rhein-Main-Open"]
[Site "Bad Homburg"]
[Date "2006.06.14"]
[Round "1.32"]
[White "Lebermann, Hellmuth"]
[Black "Reinl, Walter"]
[Result "1-0"]
[WhiteElo "2063"]
[BlackElo "1500"]
[PlyCount "65"]
[EventDate "2006.??.??"]

1. e4 c5 2. Nf3 d6 3. d4 cxd4 4. Nxd4 Nf6 5. Nc3 e6 6. Be3 a6 7. Be2 Nc6 8. Qd2
Nxd4 9. Bxd4 Be7 10. O-O-O b5 11. Bd3 Bb7 12. f3 Qc7 13. Kb1 O-O 14. g4 Rfc8
15. h4 b4 16. Ne2 a5 17. h5 Ba6 18. g5 Bxd3 19. cxd3 Ne8 20. Rc1 Qb7 21. Rcg1
b3 22. axb3 Qxb3 23. g6 fxg6 24. hxg6 h6 25. Nc1 Qb4 26. Bc3 Qb6 27. Bxg7 Bg5
28. Rxg5 hxg5 29. Bc3 Rxc3 30. Qxc3 Ng7 31. Qd2 Rb8 32. Qh2 Nh5 33. b3 1-0